| 000 | 00675nam a2200157 4500 | ||
|---|---|---|---|
| 999 |
_c16362 _d16362 |
||
| 008 | 220118b ||||| |||| 00| 0 eng d | ||
| 022 | _a0893-8989 | ||
| 082 | _aDPer 363.205 P75 Sept 2013-May 2016 v. 37 & 40, n. 9-11/1-5 | ||
| 100 |
_aChavdarian, Jack. _943810 |
||
| 245 |
_aMeth suppression trooper: _bmeth labs have gone mobile, which can provide explosive call-outs for the Indiana State police/ _cJack Chavdarian. |
||
| 260 |
_aCalifornia: _bBobit Business Media, _c©Sept 2013-May 2016. |
||
| 300 |
_av37 n9, pages 52-53; _billustrations; _c27 cm. |
||
| 500 | _aPolice: the law enforcement magazine. | ||
| 650 |
_aLaw enforcement _xOperation. _943811 |
||
| 942 |
_2ddc _cPER |
||